Score 0/28 Timer 03:00
3 Plays Today
Animal Simile Missing animal % Correct
Like a __________ in the headlights.deer/rabbit
96.5%
As busy as a __________.bee/beaver
95.7%
As sly as a __________.fox
91.5%
Like a __________ out of water.fish
90.5%
As snug as a __________ in a rug.bug
88.3%
As happy as a __________ in mud.pig
87.5%
As strong as an __________.ox
86.1%
As quiet as a __________.mouse
84.8%
As sick as a __________.dog/parrot
83.8%
To take off like a __________ out of hell.bat
83.3%
Like a __________ in a china shop.bull
81.8%
As wise as an __________.owl
81.7%
Like a __________ with its head cut off.chicken
80.4%
As nervous as a __________ on a hot tin roof.cat
79.3%
Animal Simile Missing animal % Correct
Dropping like __________.flies
74.6%
As stubborn as a __________.mule
73.9%
As slippery as an __________.eel
68.6%
As healthy as a __________.horse
68.3%
As drunk as a __________.skunk
66.4%
To multiply like __________.rabbits
66.3%
As brave as a __________.lion
60.1%
As graceful as a __________.swan
55.1%
As gentle as a __________.lamb/dove
50.4%
As hairy as an __________.ape
41%
As proud as a __________.peacock
40.4%
As naked as a __________.jaybird
28.9%
As scarce as __________’s teeth.hen
24.9%
As crazy as a __________.loon/coot
24.9%

Today's Daily Dose

Remove Ads.
Support Sporcle.
Get the best of Sporcle when you Go Orange. This ad-free experience offers more features, more stats, and more fun while also helping to support Sporcle. Thank you for becoming a member.

You're not logged in!

Compare scores with friends on all Sporcle quizzes.
OR
Log In

Show Comments

Extras

Top Quizzes Today


Score Distribution

Your Account Isn't Verified!

In order to create a playlist on Sporcle, you need to verify the email address you used during registration. Go to your Sporcle Settings to finish the process.

Report this User

Report this user for behavior that violates our Community Guidelines.

Details: